Social policy in the Arab world /

محفوظ في:

المؤلف الرئيسي: Ismael, Jacqueline S. (مؤلف)

مؤلفون آخرون: Ismael, Tareq Y.

التنسيق: كتاب

اللغة: English

سلاسل: Cairo Papers in Social Science ; 18/1.
Cairo Papers ; 18/1.

الموضوعات:

الوسوم: إضافة وسم

لا توجد وسوم, كن أول من يضع وسما على هذه التسجيلة!

رقم الطلب: H1 .C21 v.18/1

LEADER 01184namaa2200325 4500
001 10628
003 OSt
005 20210725092419.0
008 130303s1995 ua g b 000 0 eng d
952 |0 0  |1 0  |2 lcc  |3 V.18/1  |4 0  |6 H0001 C21 V.00018/00001  |7 1  |9 17096  |a ARCE  |b ARCE  |d 2021-07-25  |l 0  |o H1 .C21 v.18/1  |p 1028633  |r 2021-07-25 00:00:00  |w 2021-07-25  |y BK 
999 |c 13923  |d 13923 
040 |c ARCE Library 
041 0 |a eng  |b ara 
043 |a ma----- 
050 0 4 |a H1 .C21 v.18/1 
100 1 |6 880-01  |a Ismael, Jacqueline S.,  |e author 
245 1 0 |a Social policy in the Arab world /  |c By Jacqueline Ismael, Tareq Y. Ismael. 
264 1 |a Cairo, Egypt :  |b American University in Cairo,  |c 1995. 
300 |a 81 pages ;  |c 23 cm. 
490 1 |a Cairo Papers in Social Science ;   |v 18/1. 
490 1 |a Cairo Papers ;   |v 18/1. 
504 |a Bibliography : pages 73-80. 
546 |a Text in English and includes abstracts in Arabic. 
651 0 |a Arab countries  |x Social policy. 
700 1 |a Ismael, Tareq Y. 
830 0 |a Cairo Papers in Social Science ;   |v 18/1. 
830 0 |a Cairo Papers ;   |v 18/1. 
880 1 |6 100-01/(3/r  |a إسماعيل، جاكلين س 
901 |a reviewed 
942 |c BK  |2 lcc